000 00623nam a2200241 i 4500
001 C2-0298819
003 PPAK
005 20180728080703.0
008 090610s2008 my |||| ||||| | may d
020 _a9789834310585
040 _aPPAK
_beng
_cPPAK
_erda
082 0 4 _a899.233
_223
090 0 0 _a899.233
_bZUL
_dG
100 0 _aZulkifli Puteh,
_eauthor
245 1 0 _aHati sejernih kristal
264 1 _aPulau Pinang :
_bZP ,
_c2008
300 _a57 pages ;
_c18 cm
336 _2rdacontent
_atext
337 _2rdamedia
_aunmediated
338 _2rdacarrier
_avolume
650 1 0 _aMalay fiction.
942 _ddc
_cB
999 _c102917
_d102917